<?xml version="1.0" encoding="UTF-8"?>
<record
    xmlns:xsi="http://www.w3.org/2001/XMLSchema-instance"
    xsi:schemaLocation="http://www.loc.gov/MARC21/slim http://www.loc.gov/standards/marcxml/schema/MARC21slim.xsd"
    xmlns="http://www.loc.gov/MARC21/slim">

  <leader>00637nam a2200205 a 4500</leader>
  <controlfield tag="005">20241202085802.0</controlfield>
  <controlfield tag="008">      t1988||||ag     f |||| 001 0 spa d</controlfield>
  <datafield tag="020" ind1=" " ind2=" ">
    <subfield code="a">9505163208</subfield>
  </datafield>
  <datafield tag="041" ind1=" " ind2=" ">
    <subfield code="a">spa</subfield>
  </datafield>
  <datafield tag="092" ind1=" " ind2=" ">
    <subfield code="c">170</subfield>
    <subfield code="l">9</subfield>
    <subfield code="s">BUN</subfield>
  </datafield>
  <datafield tag="100" ind1="1" ind2=" ">
    <subfield code="a">Bunge, Mario.</subfield>
    <subfield code="9">1168</subfield>
  </datafield>
  <datafield tag="245" ind1=" " ind2=" ">
    <subfield code="a">&#xC9;tica y ciencia /</subfield>
    <subfield code="c">Mario Bunge</subfield>
  </datafield>
  <datafield tag="250" ind1=" " ind2=" ">
    <subfield code="a">3a ed. </subfield>
  </datafield>
  <datafield tag="260" ind1=" " ind2=" ">
    <subfield code="a">Buenos Aires: </subfield>
    <subfield code="b">Ediciones Siglo Veinte;</subfield>
    <subfield code="c">1988.</subfield>
  </datafield>
  <datafield tag="300" ind1=" " ind2=" ">
    <subfield code="a">111 p.</subfield>
  </datafield>
  <datafield tag="500" ind1=" " ind2=" ">
    <subfield code="a">Bunge, M. (1988). &#xC9;tica y ciencia. (3a ed.). Buenos Aires : Ediciones Siglo Veinte.</subfield>
  </datafield>
  <datafield tag="590" ind1=" " ind2=" ">
    <subfield code="a">Proyecto 4to libro. Donaci&#xF3;n Maria Vitarelli, Diciembre 2017.</subfield>
  </datafield>
  <datafield tag="655" ind1=" " ind2=" ">
    <subfield code="a">&#xC9;tica</subfield>
    <subfield code="9">4221</subfield>
  </datafield>
  <datafield tag="942" ind1=" " ind2=" ">
    <subfield code="2">ddc</subfield>
    <subfield code="c">BK</subfield>
  </datafield>
  <datafield tag="999" ind1=" " ind2=" ">
    <subfield code="c">3207</subfield>
    <subfield code="d">3207</subfield>
  </datafield>
  <datafield tag="952" ind1=" " ind2=" ">
    <subfield code="0">0</subfield>
    <subfield code="1">0</subfield>
    <subfield code="2">ddc</subfield>
    <subfield code="4">0</subfield>
    <subfield code="7">0</subfield>
    <subfield code="a">BFM</subfield>
    <subfield code="b">BFM</subfield>
    <subfield code="c">CR</subfield>
    <subfield code="d">2024-11-12</subfield>
    <subfield code="e">Donaci&#xF3;n Noviembre 2024</subfield>
    <subfield code="l">0</subfield>
    <subfield code="o">170 9 BUN</subfield>
    <subfield code="p">4920</subfield>
    <subfield code="r">2024-11-12</subfield>
    <subfield code="t">Ej. 1</subfield>
    <subfield code="w">2024-11-12</subfield>
    <subfield code="y">BK</subfield>
    <subfield code="z">Donaci&#xF3;n Noviembre 2024</subfield>
    <subfield code="f"></subfield>
  </datafield>
</record>
